LDR 00873nam a2200205 i 4500 001 000000225724 003 CaOOAMICUS 005 20260430100236.0 008 131217s1909 it u000 u ger u 013 $a204626 040 $aSeMil$bita 100 1 $aSchürer, Emil,$d<1844-1910>.$0(OLS)http://semarc/name/2379 245 10$a3: Das Judentum in der Zerstreuung und die jüdische Literatur /$cEmil Schürer. 250 $a4. Aufl. 300 $aVII, 719 p. 773 0 $aSchürer, Emil <1844-1910>$tGeschichte des Jüdischen volkes im zeitalter Jesu Christi.$dLeipzig : Hinrichs'sche Buchhandlung, 1901.$g3$w()29263 850 $aSeMil 852 $aSeMil$W1$xVenegono$y1$m2W III 80$j176070$B176070$CSeMilBibl$Z2$F186553 $81 996 $6245$a3: Das Judentum in der Zerstreuung und die jüdische Literatur$9(OLS)http://semarc/title/323316